Nonparametric statistical inference / (Record no. 4391)
| 000 -LEADER | |
|---|---|
| fixed length control field | 01982cam a22003138i 4500 |
| 001 - CONTROL NUMBER | |
| control field | 21654230 |
| 003 - CONTROL NUMBER IDENTIFIER | |
| control field | OSt |
| 005 - DATE AND TIME OF LATEST TRANSACTION | |
| control field | 20250210131953.0 |
| 008 - FIXED-LENGTH DATA ELEMENTS--GENERAL INFORMATION | |
| fixed length control field | 200805s2021 flu b 001 0 eng |
| 010 ## - LIBRARY OF CONGRESS CONTROL NUMBER | |
| LC control number | 2020033908 |
| 020 ## - INTERNATIONAL STANDARD BOOK NUMBER | |
| International Standard Book Number | 9781138087446 |
| Qualifying information | (hardback) |
| 020 ## - INTERNATIONAL STANDARD BOOK NUMBER | |
| Cancelled/invalid ISBN | 9781315110479 |
| Qualifying information | (ebook) |
| 040 ## - CATALOGING SOURCE | |
| Original cataloging agency | DLC |
| Language of cataloging | eng |
| Description conventions | rda |
| Transcribing agency | DLC |
| 042 ## - AUTHENTICATION CODE | |
| Authentication code | pcc |
| 050 00 - LIBRARY OF CONGRESS CALL NUMBER | |
| Classification number | QA278.8.G498 2021 |
| 082 00 - DEWEY DECIMAL CLASSIFICATION NUMBER | |
| Classification number | 519.5/4 |
| Edition number | 23 |
| 100 1# - MAIN ENTRY--PERSONAL NAME | |
| Personal name | Gibbons, Jean Dickinson, |
| Dates associated with a name | 1938- |
| Relator term | author. |
| 245 10 - TITLE STATEMENT | |
| Title | Nonparametric statistical inference / |
| Statement of responsibility, etc | Jean Dickinson Gibbons & Subhabrata Chakraborti |
| 250 ## - EDITION STATEMENT | |
| Edition statement | 6th edition. |
| 260 ## - PUBLICATION, DISTRIBUTION, ETC. (IMPRINT) | |
| Place of publication, distribution, etc | Abingdon |
| Name of publisher, distributor, etc | CRC Press |
| Date of publication, distribution, etc | 2021 |
| 300 ## - PHYSICAL DESCRIPTION | |
| Extent | xix, 675 pages |
| Dimensions | 23cm |
| 504 ## - BIBLIOGRAPHY, ETC. NOTE | |
| Bibliography, etc | Includes bibliographical references and index. |
| 520 ## - SUMMARY, ETC. | |
| Summary, etc | "Nonparametric Statistical Inference, Sixth Edition has been thoroughly revised and rewritten to make it more readable and reader-friendly. All of the R solutions are new and make this book much more useful for applications in the modern times. It has been updated throughout and contains 100 new citations, including some of the most recent, to make it more current and useful for researchers. · Covers the most commonly used nonparametric procedures. · States the assumptions, develops the theory behind the procedures, and illustrates the techniques using realistic examples from the social, behavioral, and life sciences. · Presents tests of hypotheses, confidence interval estimation, sample size determination, power, and comparisons of competing procedures. · Includes an Appendix of user-friendly tables needed for solutions to all data- oriented examples. · Gives examples of computer applications based on R, MINITAB, STATXACT, and SAS. Lists over 100 new references"-- |
| 650 #0 - SUBJECT ADDED ENTRY--TOPICAL TERM | |
| Topical term or geographic name as entry element | Nonparametric statistics. |
| 700 1# - ADDED ENTRY--PERSONAL NAME | |
| Personal name | Chakraborti, Subhabrata, |
| Relator term | author. |
| 906 ## - LOCAL DATA ELEMENT F, LDF (RLIN) | |
| a | 7 |
| b | cbc |
| c | orignew |
| d | 1 |
| e | ecip |
| f | 20 |
| g | y-gencatlg |
| 942 ## - ADDED ENTRY ELEMENTS (KOHA) | |
| Source of classification or shelving scheme | |
| Koha item type | Book |
| Withdrawn status | Lost status | Source of classification or shelving scheme | Damaged status | Not for loan | Home library | Current library | Shelving location | Date acquired | Total Checkouts | Full call number | Barcode | Date last seen | Copy number | Price effective from | Koha item type |
|---|---|---|---|---|---|---|---|---|---|---|---|---|---|---|---|
| Riara University Library | Riara University Library | General stack | 10/02/2025 | QA278.8.G498 2021 | 10752/25 | 10/02/2025 | C.1 | 10/02/2025 | Book | ||||||
| Riara University Library | Riara University Library | General stack | 10/02/2025 | QA278.8.G498 2021 | 10753/25 | 10/02/2025 | C.2 | 10/02/2025 | Book |
